Baja California : comentarios políticos /

Obra escrita por Braulio Maldonado, quien fuera el primer gobernador del estado de Baja California (1953-1958), en donde describe las condiciones políticas del dicho estado a lo largo de su historia, principalmente durante los años de su gobierno.

Đã lưu trong:
Chi tiết về thư mục
Tác giả chính: Maldonado Sánchez, Braulio (autor)
Định dạng: Sách
Ngôn ngữ:Tiếng Tây Ban Nha
Được phát hành: México : Costa-Amic, 1960, c1960
Phiên bản:2a edición
Những chủ đề:
Các nhãn: Thêm thẻ
Không có thẻ, Là người đầu tiên thẻ bản ghi này!

MARC

LEADER 00000nam^a2200000^a^4500
001 000186627
005 20250521000000.0
009 20260310102233.283
037 |a Acervo ITESO - Biblioteca 
041 |a ESP 
082 |a 320. 972230633  |b MAL 
100 |a Maldonado Sánchez, Braulio  |e (autor) 
245 1 0 |a Baja California :  |b comentarios políticos /  |c B. Maldonado Sánchez. 
250 |a 2a edición 
264 4 |a México :  |b Costa-Amic,  |c 1960, c1960 
300 |a 136 p. 
336 |a texto  |b txt  |2 rdacontenido 
337 |a sin mediación  |b n  |2 rdamedio 
338 |a volumen  |b nc  |2 rdasoporte 
520 |a Obra escrita por Braulio Maldonado, quien fuera el primer gobernador del estado de Baja California (1953-1958), en donde describe las condiciones políticas del dicho estado a lo largo de su historia, principalmente durante los años de su gobierno. 
649 |a XX 
650 |a Servicios Públicos -  |z Baja California (Norte) 
650 |a Obras Públicas -  |z Baja California (Norte) 
650 |a Infraestructura Urbana -  |z Baja California (Norte) 
650 |a Desarrollo Urbano -  |z Baja California (Norte) 
650 |a Recursos Naturales -  |z Baja California (Norte) 
650 |a Demografía -  |z Baja California (Norte) 
650 |a Administración Pública -  |z Baja California (Norte) -  |x Historia -  |y 1952-1958 
650 |a Administración Pública -  |z Baja California (Norte) -  |x Historia -  |y Siglo XX 
650 |a Administración Pública -  |z México -  |x Historia -  |y 1952-1958 
650 |a Administración Pública -  |z México -  |x Historia 
650 |a Política -  |z Baja California (Norte) -  |x Historia -  |y 1952-1958 
650 |a Política -  |z Baja California (Norte) -  |x Historia -  |y Siglo XX 
650 |a Política -  |z México -  |x Historia -  |y 1952-1958 
650 |a Política -  |z México -  |x Historia 
650 |a Baja California (Norte) -  |x Historia -  |y 1952-1958 
650 |a Baja California (Norte) -  |x Historia -  |y Siglo XX 
650 |a México -  |x Historia -  |y 1952-1958 
650 |a México -  |x Historia -  |y Siglo XX 
650 |a Baja California (Norte) -  |x Condiciones Políticas 
650 |a México -  |x Condiciones Políticas 
910 |a Fondo General 
920 |a Impresos - Libros 
930 |a Colección General 
905 |a 101 
901 |a 0500128424  |b IT1  |c ACC  |u 20250521 
902 |a https://opac.biblio.iteso.mx/vufind/Record/000186627